Lime and lime mortars (Record no. 102002)
[ view plain ]
| 000 -LEADER | |
|---|---|
| fixed length control field | 00918cam a2200253 4500 |
| 008 - FIXED-LENGTH DATA ELEMENTS--GENERAL INFORMATION | |
| fixed length control field | 020415n1998 000 0 eng u |
| 020 ## - INTERNATIONAL STANDARD BOOK NUMBER | |
| International Standard Book Number | 1873394292 |
| 035 ## - SYSTEM CONTROL NUMBER | |
| System control number | (Sirsi) u117486 |
| 041 ## - LANGUAGE CODE | |
| Language code of text/sound track or separate title | eng. |
| 050 ## - LIBRARY OF CONGRESS CALL NUMBER | |
| Classification number | 691.2 |
| 100 ## - MAIN ENTRY--PERSONAL NAME | |
| Personal name | Cowper, A. |
| 245 ## - TITLE STATEMENT | |
| Title | Lime and lime mortars |
| 260 ## - PUBLICATION, DISTRIBUTION, ETC. | |
| Place of publication, distribution, etc. | Shaftesbury |
| Name of publisher, distributor, etc. | Donhead |
| Date of publication, distribution, etc. | 1998 |
| 300 ## - PHYSICAL DESCRIPTION | |
| Extent | 81p. |
| Dimensions | 25cm. |
| 350 ## - PRICE (NR) (BK AM CF MU VM SE) [OBSOLETE] | |
| Price | 17.95 |
| 520 ## - SUMMARY, ETC. | |
| Summary, etc. | This special report was originally published in 1927 and provides a comprehensive review of lime burning, the classification of limes, the use of limes, limewashes, lime plaster, pozzolanas, mortars and concretes. The recent revival in the use of traditional lime mortars, plasters and washes has led to the revival of this report. |
| 650 ## - SUBJECT ADDED ENTRY--TOPICAL TERM | |
| Topical term or geographic name entry element | LIME |
| 650 ## - SUBJECT ADDED ENTRY--TOPICAL TERM | |
| Topical term or geographic name entry element | LIME MORTARS |
| 650 ## - SUBJECT ADDED ENTRY--TOPICAL TERM | |
| Topical term or geographic name entry element | LIME BURNING |
| 650 ## - SUBJECT ADDED ENTRY--TOPICAL TERM | |
| Topical term or geographic name entry element | LIMEWASHES |
| 650 ## - SUBJECT ADDED ENTRY--TOPICAL TERM | |
| Topical term or geographic name entry element | MORTARS |
| 690 ## - LOCAL SUBJECT ADDED ENTRY--TOPICAL TERM (OCLC, RLIN) | |
| Topical term or geographic name as entry element | BUILDING AND CONSTRUCTION-MATERIALS |
| 942 ## - ADDED ENTRY ELEMENTS (KOHA) | |
| Suppress in OPAC | 0 |
| Withdrawn status | Lost status | Source of classification or shelving scheme | Damaged status | Not for loan | Home library | Current library | Shelving location | Date acquired | Cost, normal purchase price | Total Checkouts | Full call number | Barcode | Date last seen | Date last checked out | Copy number | Cost, replacement price | Price effective from | Koha item type |
|---|---|---|---|---|---|---|---|---|---|---|---|---|---|---|---|---|---|---|
| Dewey Decimal Classification | London | London | Books | 03/05/2002 | 15.26 | 4 | 691.2 COW | 30065799 | 06/08/2019 | 10/12/2009 | 1 | 15.26 | 06/08/2019 | Book |